| 000 | 00506nmm a2200157Ia 4500 | ||
|---|---|---|---|
| 008 | 251105s9999||||xx |||||||||||||||||und|| | ||
| 041 | _aspa | ||
| 100 | _aHernández Serrano, Gloria | ||
| 245 | 0 | _aDirección de arte para producciones audiovisuales | |
| 264 |
_a[Madrid, España] : _bMinisterio de Educación, Cultura y Deporte de España, _c2017 |
||
| 300 | _a144 páginas | ||
| 490 | _aAula Mentor | ||
| 650 | _aFilm studies | ||
| 856 | _uhttps://public.digitaliapublishing.com/a/56231 | ||
| 942 | _cCF | ||
| 999 |
_c98449 _d98449 |
||